[Event "Madrid-ch Seniors 65+"]
[Site "Madrid"]
[Date "2022.04.26"]
[Round "6"]
[White "Infante Martin, Alonso"]
[Black "Calderon Martin, Antonio"]
[Result "0-1"]
[WhiteElo "1400"]
[BlackElo "1598"]
[PlyCount "70"]
[EventDate "2022.04.18"]
[EventType "swiss"]
[EventRounds "7"]
[EventCountry "ESP"]
[SourceTitle "EXT 2023"]
[Source "ChessBase"]
[SourceDate "2022.10.05"]
[SourceVersion "1"]
[SourceVersionDate "2022.10.05"]
[SourceQuality "1"]

1. d4 d5 2. Nf3 e6 3. h3 c6 4. Bf4 f5 5. e3 Nf6 6. Nbd2 Be7 7. Bd3 Nbd7 8. a3 0-0 9. 0-0 Ne4 10. Nb3 g5 11. Bh2 Ndf6 12. Ne5 h5 13. f3 Nd6 14. Nd2 Nd7 15. Ng6 Rf6 16. Nxe7+ Qxe7 17. Be5 Rg6 18. Bh2 Nf6 19. Rf2 g4 20. fxg4 hxg4 21. Kh1 g3 22. Bxg3 Rxg3 23. Kh2 Rg7 24. Be2 Nde4 25. Rf4 Nxd2 26. Qxd2 Ne4 27. Qe1 e5 28. Rh4 Qg5 29. Bf3 Ng3 30. Rh5 Nxh5 31. Qf2 Qg3+ 32. Qxg3 Nxg3 33. dxe5 Ne4 34. Rd1 Be6 35. Rg1 Ng5 0-1

[Event "Madrid City-ch Seniors 50"]
[Site "Madrid"]
[Date "2021.04.15"]
[Round "8"]
[White "Carrillo Castano, Javier"]
[Black "Infante Martin, Alonso"]
[Result "0-1"]
[WhiteElo "1392"]
[BlackElo "1404"]
[PlyCount "74"]
[EventDate "2021.04.06"]
[EventType "swiss"]
[EventRounds "9"]
[EventCountry "ESP"]
[SourceTitle "EXT 2022"]
[Source "ChessBase"]
[SourceDate "2021.10.06"]
[SourceVersion "1"]
[SourceVersionDate "2021.10.06"]
[SourceQuality "1"]

1. e4 e5 2. Nf3 Nc6 3. Bb5 a6 4. Ba4 Nf6 5. 0-0 b5 6. Bb3 Be7 7. Re1 d6 8. c3 Na5 9. Bc2 c5 10. h3 0-0 11. d4 Qc7 12. Nbd2 Nc6 13. d5 Nb8 14. b3 Nbd7 15. c4 Nb6 16. Qe2 Bd7 17. Bd3 b4 18. Nf1 g6 19. Bh6 Rfe8 20. N1h2 Bf8 21. Qd2 Qc8 22. Bf1 Bg7 23. Bxg7 Kxg7 24. g4 Rh8 25. Qg5 h6 26. Qh4 Qd8 27. Be2 Nc8 28. Kh1 Ne7 29. Qg3 Nxe4 30. Qg2 Ng8 31. Bd3 Ng5 32. h4 Nxf3 33. Nxf3 Nf6 34. g5 hxg5 35. Nxg5 Rxh4+ 36. Nh3 Rxh3+ 37. Kg1 Rxd3 0-1

[Event "Madrid City-ch Seniors 50"]
[Site "Madrid"]
[Date "2021.04.08"]
[Round "3"]
[White "Villodre Miranda, Juan Alonso"]
[Black "Infante Martin, Alonso"]
[Result "1-0"]
[WhiteElo "1572"]
[BlackElo "1404"]
[PlyCount "63"]
[EventDate "2021.04.06"]
[EventType "swiss"]
[EventRounds "9"]
[EventCountry "ESP"]
[SourceTitle "EXT 2022"]
[Source "ChessBase"]
[SourceDate "2021.10.06"]
[SourceVersion "1"]
[SourceVersionDate "2021.10.06"]
[SourceQuality "1"]

1. c4 Nf6 2. Nc3 e6 3. g3 c6 4. Bg2 d5 5. cxd5 exd5 6. d4 Be7 7. h3 Be6 8. e3 Nbd7 9. Nge2 Nb6 10. 0-0 Qc7 11. Kh2 h6 12. Nf4 Bd7 13. Nh5 Nxh5 14. Qxh5 g6 15. Qe2 h5 16. h4 Bxh4 17. e4 Bg4 18. Bf3 0-0-0 19. Bxg4+ hxg4 20. Qxg4+ Kb8 21. Bf4 Bxg3+ 22. Kxg3 Rd6 23. Bxd6 Qxd6+ 24. e5 Qe7 25. Rh1 Rg8 26. Rh7 Nd7 27. Qf4 Qe6 28. Rxf7 Rh8 29. Kf3 g5 30. Qf5 Qh6 31. Qxd7 Qh5+ 32. Ke3 1-0

[Event "Madrid City-ch Seniors 65"]
[Site "Madrid"]
[Date "2021.03.16"]
[Round "7"]
[White "Infante Martin, Alonso"]
[Black "Urena Castellano, Antonio"]
[Result "1-0"]
[WhiteElo "1389"]
[BlackElo "1647"]
[PlyCount "111"]
[EventDate "2021.03.08"]
[EventType "swiss"]
[EventRounds "7"]
[EventCountry "ESP"]
[SourceTitle "EXT 2022"]
[Source "ChessBase"]
[SourceDate "2021.10.06"]
[SourceVersion "1"]
[SourceVersionDate "2021.10.06"]
[SourceQuality "1"]

1. d4 Nf6 2. c4 e6 3. Nc3 Bb4 4. Qc2 d5 5. a3 Bxc3+ 6. Qxc3 c6 7. Bg5 Nbd7 8. Nf3 h6 9. Bh4 Qb6 10. c5 Qc7 11. Bg3 Qd8 12. Qc2 0-0 13. h3 Ne4 14. Bh2 a5 15. e3 b5 16. Bd3 f5 17. 0-0 Ndf6 18. Ne5 Bd7 19. f3 Ng5 20. Qf2 Nf7 21. Ng6 Re8 22. Nf4 g5 23. Ng6 Kh7 24. Ne5 Nxe5 25. Bxe5 Rf8 26. g4 Kg8 27. h4 fxg4 28. hxg5 Nh7 29. Bxh7+ Kxh7 30. f4 hxg5 31. Qh2+ Kg6 32. Qc2+ Rf5 33. Kg2 gxf4 34. Rxf4 Kg5 35. Kg3 Kg6 36. Rxg4+ Kf7 37. Rg7+ Kf8 38. Rh1 Rg5+ 39. Kf3 Rxg7 40. Rh8+ Rg8 41. Bd6+ Kf7 42. Qh7+ Rg7 43. Qh5+ Rg6 44. Rxd8 Rxd8 45. Be5 Rdg8 46. Qh7+ Ke8 47. Bd6 R6g7 48. Qh5+ Kd8 49. Be5 Be8 50. Qh4+ Kc8 51. Bxg7 Rxg7 52. Kf4 Rg2 53. Ke5 Rxb2 54. Kd6 Kb8 55. Qd8+ Kb7 56. Qb6+ 1-0

[Event "Madrid-ch Seniors 50"]
[Site "Madrid"]
[Date "2020.01.20"]
[Round "6"]
[White "Barragan Panal, Juan Jose"]
[Black "Infante Martin, Alonso"]
[Result "1-0"]
[WhiteElo "1679"]
[BlackElo "1362"]
[PlyCount "71"]
[EventDate "2020.01.13"]
[EventType "swiss"]
[EventRounds "9"]
[EventCountry "ESP"]
[SourceTitle "CBM 194 Extra"]
[Source "ChessBase"]
[SourceDate "2020.03.31"]
[SourceVersion "1"]
[SourceVersionDate "2020.03.31"]
[SourceQuality "1"]

1. d4 d5 2. c4 e6 3. Nf3 c6 4. g3 Bd6 5. Nbd2 Nf6 6. Bg2 Nbd7 7. 0-0 0-0 8. Re1 Ne4 9. Nxe4 dxe4 10. Ng5 Bb4 11. Bd2 Bxd2 12. Qxd2 Nb6 13. b3 f5 14. Rad1 Qf6 15. Nh3 Rd8 16. Qe3 h6 17. f3 Nd7 18. fxe4 Nf8 19. exf5 exf5 20. d5 Bd7 21. Nf4 Re8 22. Qd4 Qxd4+ 23. Rxd4 c5 24. Rdd1 g5 25. Nd3 Ng6 26. Nxc5 Bc8 27. d6 Ne5 28. d7 Bxd7 29. Nxd7 Nxd7 30. Rxd7 Re3 31. Rd3 Re5 32. Rd5 Re7 33. Rxf5 Kg7 34. Bd5 Kg6 35. e4 Rae8 36. Ref1 1-0

[Event "Madrid-ch Seniors 50"]
[Site "Madrid"]
[Date "2020.01.15"]
[Round "3"]
[White "Infante Martin, Alonso"]
[Black "Chidichimo, Pedro Jose Maria"]
[Result "0-1"]
[WhiteElo "1362"]
[BlackElo "1802"]
[PlyCount "54"]
[EventDate "2020.01.13"]
[EventType "swiss"]
[EventRounds "9"]
[EventCountry "ESP"]
[SourceTitle "CBM 194 Extra"]
[Source "ChessBase"]
[SourceDate "2020.03.31"]
[SourceVersion "1"]
[SourceVersionDate "2020.03.31"]
[SourceQuality "1"]

1. d4 d5 2. c4 e6 3. Nf3 a6 4. Nc3 dxc4 5. a4 Bb4 6. Ne5 c5 7. e3 cxd4 8. exd4 Nf6 9. Be3 0-0 10. Bxc4 Qa5 11. Qc2 Nbd7 12. 0-0 Nxe5 13. dxe5 Qxe5 14. Rad1 Ng4 15. g3 Nxe3 16. fxe3 Qxe3+ 17. Rf2 Bxc3 18. bxc3 Qc5 19. Bd3 g6 20. Kf1 e5 21. h4 Bh3+ 22. Kg1 Rac8 23. c4 Rfd8 24. Kh2 Be6 25. Rc1 Rxd3 26. Kg2 Qe3 27. Kg1 Rxc4 0-1

[Event "Madrid-ch Seniors 50"]
[Site "Madrid"]
[Date "2019.01.16"]
[Round "8"]
[White "Barahona Torrijos, Angel"]
[Black "Infante Martin, Alonso"]
[Result "0-1"]
[WhiteElo "1735"]
[BlackElo "1348"]
[PlyCount "54"]
[EventDate "2019.01.07"]
[EventType "swiss"]
[EventRounds "9"]
[EventCountry "ESP"]
[SourceTitle "CBM 188 Extra"]
[Source "ChessBase"]
[SourceDate "2019.02.26"]
[SourceVersion "1"]
[SourceVersionDate "2019.02.26"]
[SourceQuality "1"]

1. e4 e5 2. Nf3 Nc6 3. Nc3 Nf6 4. Bb5 d6 5. d4 Bd7 6. 0-0 a6 7. Bxc6 Bxc6 8. dxe5 Nxe4 9. Nxe4 Bxe4 10. exd6 Bxd6 11. Qd4 Bxf3 12. Re1+ Kf8 13. Qc3 Bc6 14. Qh3 Qf6 15. Be3 Rd8 16. Rad1 Bd7 17. Qh5 h6 18. Bd4 Qg5 19. Qf3 Bc6 20. Qh3 h5 21. Be5 Rh6 22. Bxd6+ Rhxd6 23. Rd3 Rxd3 24. cxd3 Rxd3 25. f3 Kg8 26. Qc8+ Kh7 27. Qxc7 Rd2 0-1

[Event "Madrid-ch Seniors 50"]
[Site "Madrid"]
[Date "2019.01.14"]
[Round "6"]
[White "Infante Martin, Alonso"]
[Black "Diaz Begonte, Manuel"]
[Result "0-1"]
[WhiteElo "1348"]
[BlackElo "1552"]
[PlyCount "72"]
[EventDate "2019.01.07"]
[EventType "swiss"]
[EventRounds "9"]
[EventCountry "ESP"]
[SourceTitle "CBM 188 Extra"]
[Source "ChessBase"]
[SourceDate "2019.02.26"]
[SourceVersion "1"]
[SourceVersionDate "2019.02.26"]
[SourceQuality "1"]

1. d4 d5 2. c4 c6 3. Nc3 dxc4 4. a4 Nf6 5. e4 e5 6. Nf3 exd4 7. Nxd4 Bb4 8. f3 0-0 9. Bxc4 Nbd7 10. 0-0 Ne5 11. Be2 Qb6 12. Be3 Bc5 13. Rb1 Rd8 14. Qc2 Bxd4 15. Bxd4 Qxd4+ 16. Kh1 Be6 17. Rbd1 Qb6 18. f4 Neg4 19. Rf3 Nf2+ 20. Rxf2 Qxf2 21. Rf1 Qc5 22. b3 Ng4 23. Bxg4 Bxg4 24. h3 Qh5 25. Kh2 Qh4 26. f5 Qh6 27. Rf2 Rd4 28. Kg1 Bxh3 29. gxh3 Qxh3 30. Ne2 Rd7 31. Rg2 Qe3+ 32. Kh1 Rad8 33. Qb2 Rd1+ 34. Ng1 Rxg1+ 35. Rxg1 Qxe4+ 36. Rg2 Rd1+ 0-1

[Event "Madrid-ch Seniors 50"]
[Site "Madrid"]
[Date "2017.01.13"]
[Round "5"]
[White "Infante Martin, Alonso"]
[Black "Esteban Amo, Jose M"]
[Result "0-1"]
[WhiteElo "1396"]
[BlackElo "1850"]
[PlyCount "148"]
[EventDate "2017.01.09"]
[EventType "swiss"]
[EventRounds "9"]
[EventCountry "ESP"]
[SourceTitle "CBM 176 Extra"]
[Source "ChessBase"]
[SourceDate "2017.03.02"]
[SourceVersion "1"]
[SourceVersionDate "2017.03.02"]
[SourceQuality "1"]

1. d4 Nf6 2. c4 e5 3. d5 Bb4+ 4. Nc3 0-0 5. Qc2 c6 6. a3 Bxc3+ 7. Qxc3 d6 8. Bg5 cxd5 9. cxd5 Nxd5 10. Qd2 Ne7 11. e4 Be6 12. Nf3 f6 13. Be3 d5 14. exd5 Bxd5 15. Rd1 Nbc6 16. Be2 Qc7 17. 0-0 Rfd8 18. Qc2 Rac8 19. b4 a6 20. Rc1 Qb8 21. Qb2 Na7 22. a4 Rxc1 23. Rxc1 Nf5 24. Bb6 Rd7 25. Qc3 Ne7 26. Qc5 Nac8 27. a5 Nxb6 28. axb6 h6 29. Bc4 Qd8 30. Be2 Bc6 31. h3 Kh8 32. Kh2 Nd5 33. b5 axb5 34. Bxb5 Bxb5 35. Qxb5 Nxb6 36. Nh4 Nd5 37. Nf5 Ne7 38. Ne3 Nc6 39. Qb1 Nd4 40. Qg6 Re7 41. Rd1 Qe8 42. Qd3 g6 43. Nd5 Rg7 44. Nxf6 Qe6 45. Ne4 Qf5 46. Kh1 Kh7 47. Re1 Rd7 48. g4 Qf3+ 49. Qxf3 Nxf3 50. Nf6+ Kg7 51. Nxd7 Nxe1 52. Nxe5 b5 53. Nc6 Nd3 54. Nd4 b4 55. Kg1 Nc1 56. Nb5 b3 57. Kf1 Kf6 58. Ke1 Nd3+ 59. Kf1 Ke5 60. f3 b2 61. Nc3 Kd4 62. Nb1 Ke3 63. Kg2 Nf4+ 64. Kg3 g5 65. Na3 Ne2+ 66. Kg2 Kd3 67. Kf2 Nf4 68. Kg3 Kd2 69. Nc4+ Kc1 70. Nxb2 Kxb2 71. h4 Kc3 72. h5 Kd3 73. Kf2 Kd2 74. Kg3 Ke2 0-1

[Event "San Sebastian de los Reyes op 17th"]
[Site "San Sebastian"]
[Date "2015.12.02"]
[Round "3"]
[White "Infante Martin, Alonso"]
[Black "Alvarez Gonzalez, Eduardo"]
[Result "0-1"]
[WhiteElo "1457"]
[BlackElo "1779"]
[PlyCount "126"]
[EventDate "2015.11.30"]
[EventType "swiss"]
[EventRounds "9"]
[EventCountry "ESP"]
[SourceTitle "CBM 170 Extra"]
[Source "ChessBase"]
[SourceDate "2016.02.25"]
[SourceVersion "1"]
[SourceVersionDate "2016.02.25"]
[SourceQuality "1"]

1. d4 Nf6 2. c4 e6 3. Nc3 Bb4 4. Qc2 c5 5. e3 cxd4 6. exd4 d5 7. a3 Bxc3+ 8. bxc3 b6 9. Bg5 Bb7 10. cxd5 Bxd5 11. f3 0-0 12. Bd3 h6 13. Bh4 Nbd7 14. Ne2 Bb7 15. 0-0 Qc8 16. a4 Qc6 17. Bb5 Qd6 18. c4 Rac8 19. Rac1 a6 20. Bxd7 Nxd7 21. Bf2 Qe7 22. Qb3 Bc6 23. Rfe1 Qg5 24. Ng3 Qa5 25. Ra1 Rfd8 26. Ne4 Bxe4 27. fxe4 Rc7 28. Rac1 Rdc8 29. Re2 b5 30. axb5 axb5 31. c5 b4 32. Ra2 Qb5 33. Be1 Nf6 34. Rc4 Nxe4 35. Bxb4 Qd7 36. Qe3 Nd6 37. Rc1 Nf5 38. Qf2 Qxd4 39. Qxd4 Nxd4 40. Kf2 Nb3 41. Rc4 Nxc5 42. Ke3 Nd7 43. Rxc7 Rxc7 44. Ra5 Nf6 45. Kf3 Nd5 46. Bd2 Kh7 47. Ra3 Kg6 48. h3 h5 49. g4 hxg4+ 50. hxg4 Rc2 51. Ke2 Nf6 52. Kd3 Rc5 53. Ra4 Rb5 54. Bc3 Nd5 55. Bd2 Rb3+ 56. Kc2 Rg3 57. Rd4 Nf6 58. g5 Nh7 59. Bf4 Rg2+ 60. Kc3 Nxg5 61. Kd3 Rg4 62. Re4 Nxe4 63. Kxe4 f6 0-1

[Event "San Sebastian de los Reyes op 15th"]
[Site "San Sebastian"]
[Date "2013.12.08"]
[Round "9"]
[White "Infante Martin, Alonso"]
[Black "Rodriguez Anton, Jose Miguel"]
[Result "0-1"]
[WhiteElo "1498"]
[BlackElo "1761"]
[PlyCount "100"]
[EventDate "2013.11.30"]
[EventType "swiss"]
[EventRounds "9"]
[EventCountry "ESP"]
[SourceTitle "CBM 157 Extra"]
[Source "ChessBase"]
[SourceDate "2013.12.19"]
[SourceVersion "1"]
[SourceVersionDate "2013.12.19"]
[SourceQuality "1"]

1. d4 Nf6 2. c4 d6 3. Nc3 b6 4. f3 Bb7 5. e4 e6 6. Be3 Be7 7. Bd3 Nbd7 8. Qd2 c5 9. d5 exd5 10. cxd5 Ne5 11. Bb5+ Ned7 12. Nge2 a6 13. Bd3 Ne5 14. Ng3 0-0 15. Be2 b5 16. a3 Qa5 17. 0-0 Rfc8 18. f4 Neg4 19. Nf5 Rc7 20. Bf3 Re8 21. b4 cxb4 22. axb4 Qxb4 23. Rfc1 Nxe3 24. Qxe3 g6 25. Nxe7+ Rcxe7 26. Qd3 Qc5+ 27. Kf1 Qb6 28. g3 Qd8 29. Re1 Qd7 30. Kg1 b4 31. Na4 Nxd5 32. Nb2 f5 33. e5 dxe5 34. Qc4 e4 35. Bd1 Rc8 36. Qd4 Qc6 37. Bb3 Qc5 38. Red1 Qxd4+ 39. Rxd4 Rd7 40. Rad1 Rcd8 41. Na4 Kf8 42. Nc5 Ke7 43. Nxd7 Rxd7 44. Bxd5 Bxd5 45. Rxd5 Rc7 46. Ra5 Rc6 47. Rda1 b3 48. Rxa6 b2 49. Rf1 Rxa6 50. Kg2 Ra1 0-1

[Event "San Sebastian de los Reyes op 15th"]
[Site "San Sebastian"]
[Date "2013.12.07"]
[Round "8"]
[White "Infante Martin, Alonso"]
[Black "Navarro Rodriguez, Jesus"]
[Result "1-0"]
[WhiteElo "1498"]
[BlackElo "1664"]
[PlyCount "120"]
[EventDate "2013.11.30"]
[EventType "swiss"]
[EventRounds "9"]
[EventCountry "ESP"]
[SourceTitle "CBM 157 Extra"]
[Source "ChessBase"]
[SourceDate "2013.12.19"]
[SourceVersion "1"]
[SourceVersionDate "2013.12.19"]
[SourceQuality "1"]

1. d4 Nf6 2. c4 e6 3. Nc3 h6 4. Nf3 b6 5. e4 Bb4 6. Bd2 Bxc3 7. Bxc3 Nxe4 8. Bb4 d6 9. Bd3 Bb7 10. 0-0 Ng5 11. Be2 c5 12. dxc5 bxc5 13. Bc3 0-0 14. Qd3 Be4 15. Qe3 Qe7 16. Nxg5 Qxg5 17. Qxe4 d5 18. Qe5 Nd7 19. Qxg5 hxg5 20. Bf3 Nb6 21. b3 Rad8 22. Be2 d4 23. Ba5 f5 24. Bd3 e5 25. f3 Rd6 26. Rae1 Nd7 27. Bc7 Re6 28. Rf2 g6 29. Rfe2 Rfe8 30. h3 Kg7 31. g3 Kf6 32. Kg2 Rc6 33. Ba5 Rh8 34. b4 cxb4 35. Bxb4 Rb8 36. a3 Re8 37. Rc1 e4 38. fxe4 Ne5 39. Rd2 g4 40. Be2 gxh3+ 41. Kxh3 d3 42. Bxd3 Nf3 43. Bc3+ Kg5 44. Rf2 fxe4 45. Bxe4 Rxe4 46. Rxf3 Re2 47. Bd4 Rc7 48. Be3+ Rxe3 49. Rxe3 Rc5 50. Rf3 a6 51. Rf4 Kh5 52. Rd1 Kh6 53. Rd5 Rc6 54. c5 a5 55. g4 Rc7 56. g5+ Kg7 57. Rf6 Re7 58. Kg3 a4 59. c6 Re3+ 60. Rf3 Re8 1-0

[Event "San Sebastian de los Reyes op 15th"]
[Site "San Sebastian"]
[Date "2013.12.02"]
[Round "3"]
[White "Gomez Escurin, Jose Manuel"]
[Black "Infante Martin, Alonso"]
[Result "0-1"]
[WhiteElo "1301"]
[BlackElo "1498"]
[PlyCount "120"]
[EventDate "2013.11.30"]
[EventType "swiss"]
[EventRounds "9"]
[EventCountry "ESP"]
[SourceTitle "CBM 157 Extra"]
[Source "ChessBase"]
[SourceDate "2013.12.19"]
[SourceVersion "1"]
[SourceVersionDate "2013.12.19"]
[SourceQuality "1"]

1. b3 d5 2. Bb2 e6 3. e3 Nf6 4. f4 Nbd7 5. Nf3 Bd6 6. d4 Ne4 7. Qe2 c6 8. Nbd2 Ndf6 9. a3 b5 10. b4 a6 11. Qd3 Bb7 12. Ng5 Nxg5 13. fxg5 Ne4 14. Nxe4 dxe4 15. Qxe4 Qxg5 16. Be2 Qd5 17. Qxd5 exd5 18. 0-0 0-0 19. Rf2 Rae8 20. Bc1 f5 21. g3 Bc8 22. Bd2 Be7 23. Rf3 g6 24. Raf1 Bf6 25. c3 Kg7 26. Kg2 Bd8 27. h4 h6 28. Bd3 Rf7 29. g4 Bxh4 30. gxf5 Ref8 31. fxg6 Rxf3 32. Rxf3 Rxf3 33. Kxf3 Bg5 34. Be1 Bd7 35. e4 Be8 36. exd5 cxd5 37. Bg3 Bxg6 38. Be5+ Kf7 39. Bxg6+ Kxg6 40. Kg4 Bc1 41. Bd6 Bxa3 42. Bc7 Bb2 43. Kf4 Kf6 44. Be5+ Ke6 45. Kg4 Bxc3 46. Kh5 Bd2 47. Kg6 Bxb4 48. Kxh6 Kf5 49. Kh5 Bc3 50. Kh4 b4 51. Bd6 b3 52. Ba3 b2 53. Bxb2 Bxb2 54. Kg3 Ke4 55. Kf2 Kxd4 56. Ke2 Kc3 57. Kd1 d4 58. Ke2 d3+ 59. Kd1 d2 60. Ke2 Kc2 0-1

[Event "San Sebastian de los Reyes op 15th"]
[Site "San Sebastian"]
[Date "2013.11.30"]
[Round "1"]
[White "Gonzalez Mateos, Rafael"]
[Black "Infante Martin, Alonso"]
[Result "1-0"]
[WhiteElo "2010"]
[BlackElo "1498"]
[PlyCount "47"]
[EventDate "2013.11.30"]
[EventType "swiss"]
[EventRounds "9"]
[EventCountry "ESP"]
[SourceTitle "CBM 157 Extra"]
[Source "ChessBase"]
[SourceDate "2013.12.19"]
[SourceVersion "1"]
[SourceVersionDate "2013.12.19"]
[SourceQuality "1"]

1. d4 d5 2. c3 Nf6 3. Bg5 Nbd7 4. Nf3 e6 5. Nbd2 c6 6. Qc2 Bd6 7. e4 e5 8. exd5 exd4 9. dxc6 bxc6 10. Nxd4 Qe7+ 11. Be2 Bb7 12. Nf5 Qe5 13. Nc4 Qd5 14. Ncxd6+ Kf8 15. Bxf6 Nxf6 16. Nxb7 Ne4 17. Ne3 Qe5 18. 0-0 Rb8 19. Nc4 Qe7 20. Nba5 Qe6 21. Rae1 g6 22. Bf3 f5 23. Bxe4 fxe4 24. Qxe4 1-0